| 000 | 00423nam a22001337a 4500 | ||
|---|---|---|---|
| 020 | _a978-9699988479 | ||
| 082 |
_a954.6 _bSYE |
||
| 245 |
_aTareekh-e-Kashmir/ _bBy:Syed Mehmood Azad |
||
| 260 |
_aاسلام آباد: _bسیادت پبلیکیشنز, _c2016 |
||
| 300 | _a368p.; | ||
| 880 |
_6100-01\r _aسید محمود آزاد |
||
| 880 |
_6245-02\r _aتاریخِ کشمیر /جلد اوّل، دوم |
||
| 942 |
_2ddc _cBK |
||
| 999 |
_c613205 _d613205 |
||